000 00601nam a2200229Ia 4500
001 18238
003 GE_BSU
008 181216s||||||||xx |||||||||||||| ||und||
020 _a9781471500220
040 _cGE_BSU
100 _aEvans, Virginia. Dooley,Jenny
245 _aPrime Time 4. Workbook &Grammar Book
260 _aNewbury
260 _bExpress Publishing
260 _c2012
300 _a160p.ill.30cm.
541 _h21gel
653 _aPrime Time 4
653 _aWorkbook &Grammar Book
653 _aინგლისური ენა (გრამატიკა)
942 _cBK
999 _c51276
_d51276